000 00835nam a2200289Ia 4500
001 41009
003 109679
005 20251029075854.0
008 ||||||n9999 ||| || ||
041 _aspa
100 _aCuervo R, Maria del Carmen
_958780
245 0 _aEstudio analitico del IDEMA
260 _aBogotá :
_bEscuela Superior de Administración Pública - ESAP,
_c1976.
300 _a116p
500 _aTesis
562 _e1
650 0 _aAdministración de personal
_91276
650 _aCOLOMBIA
_958781
650 0 _aEstructura de la organización
_95274
650 _aINSTITUTO DE MERCADEO AGROPECUARIO
_930144
650 0 _aMercadeo
_95826
650 0 _aSector agropecuario
_96347
650 _aSENADO
_94892
650 0 _aTesis y disertaciones académicas
_93
650 _y1976
_958783
942 _cTESIS
999 _c41009
_d41009